| 000 | 00819nam a22001937a 4500 | ||
|---|---|---|---|
| 999 |
_c4276 _d4276 |
||
| 003 | AR-CdUCM | ||
| 008 | 190308b ||||| |||| 00| 0 spa d | ||
| 040 |
_aMUNICIPALIDAD PROVINCIAL DEL CUSCO _cBIBLIOTECA MUNICIPAL DEL CUSCO |
||
| 082 |
_a730 / _bG78 |
||
| 245 |
_aGrandes maestros del arte peruano : _b Mérida, Rojas, Urbano y Sánchez / |
||
| 260 |
_aLima : _bTransportadora de gas del Perú, _c2008. |
||
| 300 |
_a105 páginas ; _bfotografías ; _c22 cm. |
||
| 505 | _aContenido: Transportando mucho más que gas -- La perfoemance del reconocimiento -- Tradición y ruptura en el arte cusqueño -- Santiago Rojas -- Edilberto Merida -- Jesús Urbano -- Mamerto Sanchez ... | ||
| 650 |
_aArte plasticas _913517 |
||
| 650 |
_aEscultura _913152 |
||
| 650 |
_aTradición _92713 |
||
| 942 |
_2ddc _cLIBROS |
||
| 945 | _azta | ||